|
|
|
|
| LEADER |
00000nam0a2200000 4500 |
| 001 |
258176 |
| 005 |
20231101233254.0 |
| 010 |
|
|
|a 9785438300762
|
| 035 |
|
|
|a (RuTPU)RU\TPU\book\281014
|
| 090 |
|
|
|a 258176
|
| 100 |
|
|
|a 20140423d2014 m y0rusy50 ca
|
| 101 |
0 |
|
|a rus
|
| 102 |
|
|
|a RU
|
| 105 |
|
|
|a a j 001zy
|
| 200 |
1 |
|
|a Практикум по применению экономико-математических методов и моделей в таможенной статистике
|e учебно-методическое пособие
|f А. Б. Киладзе
|
| 210 |
|
|
|a Санкт-Петербург
|c Интермедия
|d 2014
|
| 215 |
|
|
|a 66 с.
|c ил.
|
| 320 |
|
|
|a Библиогр.: с. 65-66.
|
| 330 |
|
|
|a Предлагаемое читателю методическое пособие охватывает законченную дидактическую концепцию дисциплины «Практикум по применению экономико-математических методов и моделей в таможенной статистике». В учебно-методическом комплексе представлены базовые сведения, касающиеся понятийно-методического аппарата, а также вопросы, обращенные к математико-статистической формализации внешнеэкономических процессов. Кроме того, учебно-методический комплекс содержит тематическую рубрикацию учебного материала, контрольные вопросы для самопроверки, сборник практических задач, а также рекомендуемую литературу.
|
| 606 |
1 |
|
|a Таможенное дело
|x Экономика
|2 stltpush
|3 (RuTPU)RU\TPU\subj\69328
|9 84236
|
| 606 |
1 |
|
|a Экономическая статистика
|2 stltpush
|3 (RuTPU)RU\TPU\subj\37404
|9 58406
|
| 610 |
1 |
|
|a таможенная статистика
|
| 610 |
1 |
|
|a экономико-математические методы
|
| 610 |
1 |
|
|a экономико-математические модели
|
| 610 |
1 |
|
|a корреляционно-регрессионный анализ
|
| 610 |
1 |
|
|a многомерный анализ
|
| 610 |
1 |
|
|a сетевое планирование
|
| 610 |
1 |
|
|a теория игр
|
| 610 |
1 |
|
|a иммитационное моделирование
|
| 610 |
1 |
|
|a балансовые методы
|
| 610 |
1 |
|
|a экспертные оценки
|
| 610 |
1 |
|
|a практические занятия
|
| 610 |
1 |
|
|a учебные пособия
|
| 686 |
|
|
|a У9(2)428я73
|v LBC/SL-A
|2 rubbk
|
| 686 |
|
|
|a У051я73
|v LBC/SL-A
|2 rubbk
|
| 700 |
|
1 |
|a Киладзе
|b А. Б.
|
| 801 |
|
1 |
|a RU
|b 63413507
|c 20140423
|
| 801 |
|
2 |
|a RU
|b 63413507
|c 20150708
|g RCR
|
| 900 |
|
|
|a Таможенная статистика
|
| 900 |
|
|
|a Экономико-математические методы
|
| 900 |
|
|
|a Экономико-математические модели
|
| 942 |
|
|
|c BK
|
| 959 |
|
|
|a 31/20140220
|d 2
|e 350,00
|f ЧЗГЛ:1
|f АНЛ:1
|